000 00539nam a22002057a 4500
003 OSt
005 20140310182846.0
008 130611t xxu||||| |||| 00| 0 eng d
020 _a04422887860
050 _aTH 413
_b.P188 1984
082 _aM 747.8869
_bP19 1984
245 _aSolar Interiors
_cPanchyk, Katherine
260 _aNew York :
_bVan Nostrand Reinhold
_cc1984
300 _aix, 163 p. :
_bill. ;
_c29 cm.
521 _aCollege Students
526 _c1210L-1700L
541 _j1
562 _e1
942 _2lcc
_cBK
_kM
999 _c16921
_d16921